1692 1457 1357 1335 1475 1025 1200 1970 1494 1561 1999 1818 1770 1789 1487 1408 1668 1590 1481 1632 1038 1298 1955 1225 1898 1367 1414 1285 1254 1580 1527 1920 1854 1219 1435 1291 1509 1713 1857 1913 1724 1650 1464 1322 1009 1458 1890 1731 1888 1077 1801 1798 1958 1774 1447 1569 1966 1309 1153 1147 1532 1699 1984 1164 1378 1195 1610 1489 1502 1382 1949 1121 1169 1343 1061 1485 1095 1015 1612 1951 1422 1169 1138 1600 1922 1590 1933 1785 1141 1424 1619 1796 1092 1794 1991 1696 1891 1445 1523 BCNSPRNW ULIB Ver.6.0+V

เปลี่ยนเป็นภาษาไทย

Change to English
 แสดงรายละเอียดบรรณานุกรม
  กลับหน้าหลัก

Brief Record : Get Marc (ISO 2709) : E-mail record : QR code < ปิดหน้าต่าง
LEADER : 00000nam 2200000uu 4500
001    13399123493
003     ULIB
008    140928s||||||||th 000 0 tha d
020    ^a9742911533
020    ^a9789742911539
060 04 ^aWY150^bค127ก ล.3
245 00 ^aการพยาบาลผู้ใหญ่และผู้สูงอายุ^nเล่ม 3 /^cคณาจารย์สถาบันพระบรมราชชนก
250    ^aพิมพ์ครั้งที่ 10 ปรับปรุงครั้งที่ 1
260    ^aนนทบุรี :^bโครงการสวัสดิการวิชาการ สถาบันพระบรมราชชนกกระทรวงสาธารณสุข,^c2557
300    ^a394 หน้า :^bภาพประกอบ ;^c26 ซม.
650  7 ^aการพยาบาล^xในวัยชรา
650  7 ^aการพยาบาล^xในวัยผู้ใหญ่
650  7 ^aการพยาบาลผู้สูงอายุ
650  7 ^aผู้สูงอายุ^xการดูแล
710 2  ^aสถาบันพระบรมราชชนก.^bโครงการสวัสดิการวิชาการ
710 2  ^aคณาจารย์สถาบันพระบรมราชชนก
945    ^p150^l0^i035936
945    ^p150^l0^i035937
945    ^p150^l0^i035938
945    ^p150^l0^i035939
945    ^p150^l0^i035940
945    ^p150^l0^i035941
945    ^p150^l0^i035942
945    ^p150^l0^i035943
945    ^p150^l0^i035944
945    ^p150^l0^i035945
945    ^p150^l0^i035946
945    ^p150^l0^i035947
945    ^p150^l0^i035948
945    ^p150^l0^i035949
945    ^p150^l0^i035950
945    ^p150^l0^i035951
945    ^p150^l0^i035952
945    ^p150^l0^i035953
945    ^p150^l0^i035954
945    ^p150^l0^i035955
999    ^aเกษร โพธิ์สุวรรณ
รายการนี้ยังไม่มีแท็ก
คุณยังไม่ได้ล็อกอิน คุณสามารถมีกิจกรรมร่วมกับเว็บไซต์ได้ แต่ต้องล็อกอินก่อน ::
  ล็อกอิน

รายการสื่อสารสนเทศ

ลำดับที่ ประเภท เลขเรียก/บาร์โค้ด สถานที่ สถานะ
1. Book การพยาบาล
หนังสือสำรอง
สถานะ=หนังสือสำรอง
WY150 ค127ก ล.3 ฉ.1 
  Barcode: 035936
ห้องสมุดวิทยาเขตสวรรค์ประชารักษ์
►ส่วนจัดเก็บหนังสือเก่า สปร
บนชั้น
  ขอยืม
2. Book การพยาบาล
Book การพยาบาล
WY150 ค127ก ล.3 ฉ.10 
  Barcode: 035945
ห้องสมุดวิทยาเขตสวรรค์ประชารักษ์
►หนังสือทั่วไป
บนชั้น
3. Book การพยาบาล
Book การพยาบาล
WY150 ค127ก ล.3 ฉ.11 
  Barcode: 035946
ห้องสมุดวิทยาเขตสวรรค์ประชารักษ์
►หนังสือทั่วไป
บนชั้น
4. Book การพยาบาล
Book การพยาบาล
WY150 ค127ก ล.3 ฉ.12 
  Barcode: 035947
ห้องสมุดวิทยาเขตสวรรค์ประชารักษ์
►หนังสือทั่วไป
บนชั้น
5. Book การพยาบาล
Book การพยาบาล
WY150 ค127ก ล.3 ฉ.13 
  Barcode: 035948
ห้องสมุดวิทยาเขตสวรรค์ประชารักษ์
►หนังสือทั่วไป
บนชั้น
6. Book การพยาบาล
Book การพยาบาล
WY150 ค127ก ล.3 ฉ.14 
  Barcode: 035949
ห้องสมุดวิทยาเขตสวรรค์ประชารักษ์
►หนังสือทั่วไป
บนชั้น
7. Book การพยาบาล
Book การพยาบาล
WY150 ค127ก ล.3 ฉ.15 
  Barcode: 035950
ห้องสมุดวิทยาเขตสวรรค์ประชารักษ์
►หนังสือทั่วไป
บนชั้น
8. Book การพยาบาล
Book การพยาบาล
WY150 ค127ก ล.3 ฉ.16 
  Barcode: 035951
ห้องสมุดวิทยาเขตสวรรค์ประชารักษ์
►หนังสือทั่วไป
บนชั้น
9. Book การพยาบาล
Book การพยาบาล
WY150 ค127ก ล.3 ฉ.17 
  Barcode: 035952
ห้องสมุดวิทยาเขตสวรรค์ประชารักษ์
►หนังสือทั่วไป
ถูกยืม กำหนดส่งวันที่ 30 มกราคม 2569
  จอง
10. Book การพยาบาล
Book การพยาบาล
WY150 ค127ก ล.3 ฉ.18 
  Barcode: 035953
ห้องสมุดวิทยาเขตสวรรค์ประชารักษ์
►หนังสือทั่วไป
บนชั้น
11. Book การพยาบาล
Book การพยาบาล
WY150 ค127ก ล.3 ฉ.19 
  Barcode: 035954
ห้องสมุดวิทยาเขตสวรรค์ประชารักษ์
►หนังสือทั่วไป
บนชั้น
12. Book การพยาบาล
Book การพยาบาล
WY150 ค127ก ล.3 ฉ.2 
  Barcode: 035937
ห้องสมุดวิทยาเขตสวรรค์ประชารักษ์
►หนังสือทั่วไป
บนชั้น
13. Book การพยาบาล
Book การพยาบาล
WY150 ค127ก ล.3 ฉ.20 
  Barcode: 035955
ห้องสมุดวิทยาเขตสวรรค์ประชารักษ์
►หนังสือทั่วไป
บนชั้น
14. Book การพยาบาล
Book การพยาบาล
WY150 ค127ก ล.3 ฉ.3 
  Barcode: 035938
ห้องสมุดวิทยาเขตสวรรค์ประชารักษ์
►หนังสือทั่วไป
บนชั้น
15. Book การพยาบาล
Book การพยาบาล
WY150 ค127ก ล.3 ฉ.4 
  Barcode: 035939
ห้องสมุดวิทยาเขตสวรรค์ประชารักษ์
►หนังสือทั่วไป
บนชั้น
16. Book การพยาบาล
Book การพยาบาล
WY150 ค127ก ล.3 ฉ.5 
  Barcode: 035940
ห้องสมุดวิทยาเขตสวรรค์ประชารักษ์
►หนังสือทั่วไป
บนชั้น
17. Book การพยาบาล
Book การพยาบาล
WY150 ค127ก ล.3 ฉ.6 
  Barcode: 035941
ห้องสมุดวิทยาเขตสวรรค์ประชารักษ์
►หนังสือทั่วไป
บนชั้น
18. Book การพยาบาล
Book การพยาบาล
WY150 ค127ก ล.3 ฉ.7 
  Barcode: 035942
ห้องสมุดวิทยาเขตสวรรค์ประชารักษ์
►หนังสือทั่วไป
บนชั้น
19. Book การพยาบาล
Book การพยาบาล
WY150 ค127ก ล.3 ฉ.8 
  Barcode: 035943
ห้องสมุดวิทยาเขตสวรรค์ประชารักษ์
►ส่วนจัดเก็บหนังสือเก่า สปร
บนชั้น
  ขอยืม
20. Book การพยาบาล
Book การพยาบาล
WY150 ค127ก ล.3 ฉ.9 
  Barcode: 035944
ห้องสมุดวิทยาเขตสวรรค์ประชารักษ์
►หนังสือทั่วไป
บนชั้น

รายการใกล้เคียง
    หัวเรื่อง [การพยาบาลผู้สูงอายุ]
    หัวเรื่อง [ผู้สูงอายุ การดูแล]

BibComment


ยังไม่เคยถูกคอมเมนท์

คอมเมนท์ทรัพยากรรายการนี้
  คอมเมนท์: การพยาบาลผู้ใหญ่..


 Copyright 2026. Bcnsprnw @Library